Statistics for AFL All-Australian 2017 Team

Click here to take the quiz!

General Stats

  • This quiz has been taken 160 times
  • The average score is 18 of 22

Answer Stats

Position Player % Correct
Full Back (C) (RICH)Alex Rance
99%
Centre (RICH)Dustin Martin
99%
Ruck-Rover (GEEL)Patrick Dangerfield
96%
Full Forward (VC) (WCE)Josh Kennedy
94%
Centre Half Forward (SYD)Lance Franklin
94%
Ruck (PORT)Paddy Ryder
91%
Rover (HAW)Tom Mitchell
90%
Forward Pocket (ADEL)Eddie Betts
89%
I/C (GEEL)Joel Selwood
89%
Centre Half Back (ESS)Michael Hurley
84%
Half Forward Flank (PORT)Robbie Gray
81%
Back Pocket (WCE)Jeremy McGovern
81%
Half Forward Flank (BRIS)Dayne Zorko
81%
Wing (GWS)Josh Kelly
78%
Half Back Flank (ADEL)Rory Laird
75%
Half Back Flank (CARL)Sam Docherty
70%
I/C (ADEL)Matt Crouch
69%
I/C (GWS)Dylan Shiel
68%
Forward Pocket (ESS)Joe Daniher
66%
Wing (ESS)Zach Merrett
66%
Back Pocket (MELB)Michael Hibberd
61%
I/C (WCE)Elliot Yeo
55%

Score Distribution

Percentile by Number Answered

Percent of People with Each Score

Your Score History

You have not taken this quiz